Epstein, Catherine. Model Nazi. - Oxford : Oxford Univ. Press. - 2010 [Rezension]
| Titel: | Epstein, Catherine. Model Nazi. - Oxford : Oxford Univ. Press. - 2010 [Rezension] |
|---|---|
| Verfasser: | |
| In: |
Journal of genocide research, Band 13, Heft 3 (2011), Seite 375-376 alle Artikel anzeigen |
| Veröffentlicht: | 2011 |
| Format: | Aufsatz |
| Sprache: | Englisch |
| Hinweise zum Inhalt: |
zusätzliche Angaben
|
X
alg: 39481328 001A $01999:12-11-16 001B $01999:03-08-21 $t21:03:09.000 001D $01999:12-11-16 001U $0utf8 001X $00 002@ $0Aox 003@ $0394813286 007A $0394813286 $aHEB 007T $0Herdc0074178m 009P $A2 $3zusätzliche Angaben $uhttp://www.tandfonline.com/doi/pdf/10.1080/14623528.2011.595588 010@ $aeng 011@ $a2011 021A $aEpstein, Catherine. Model Nazi. - Oxford : Oxford Univ. Press. - 2010 [Rezension] 028A $#Lieberman, Benjamin $#Lieberman, Ben $7134086236 $8Lieberman, Benjamin David$Z1962- [Tp1] $9197437141 031A $d13 $e3 $h375-376 $j2011 039B $aIn $8--Abvc--. Journal of genocide research. - Abingdon, Oxfordshire : Routledge, 1999-. - ISSN 1462-3528 $x201100000130003625 $9071389202 039T $8--Aau--Epstein, Catherine$Z1962- [Tp3]. Model Nazi. - Oxford : Oxford Univ. Press, 2010. - XIV, 451 Seiten, [4] Blätter. - Illustrationen. - ISBN 978-0-19-954641-1 $9222903112 045F $a900.9438 $eDDC23BSB 045F/01 $a900 045F/03 $g438 045F/03 $g4382 045F/03 $g43849 045T $aJUDAICA $qDE-30 $2FID 045T $a7,7 $a8 lok: 39481328 78 exp: 39481328 78 1 #EPN 201B/01 $018-11-16 $t12:49:11.000 201U/01 $0utf8 203@/01 $079111189X 208@/01 $a12-11-16 $be 209A/01 $a/ $f000 $x00 220C/01 $aTitelaufnehmer: pg 220C/01 $aHerkunft: HI Marburg 244Z/01 $2Trx $#Poola $#Lenkija $#Polija $#Polen Land $#Poland $#Lengyelország $#Poľsko $#Polsko $8--Trx--Polska$gkraj $x01 $9391345966 244Z/01 $2Trx $#Prusy Wschodnie i Zachodnie $8--Trx--Ost- und Westpreußen $x02 $939113373X 244Z/01 $2Trx $#Großpolen $#Greater Poland $#Velkopolsko $8--Trx--Wielkopolska $x03 $9391277227 244Z/01 $2Trx $#arvustused $#recenzijos $#Reviews $#recenziók $#recenzje $#recenzie $#recenze $8--Trx--Rezensionen $x04 $9391357441 244Z/01 $2Trx $8--Trx--elektronische Ressource $x05 $939138452X 247C/01 $82080>Marburg/Lahn, Herder-Institut, Forschungsbibliothek, Bibliographieportal $9336309341
| LEADER | 00000caa a22000002c 4500 | ||
|---|---|---|---|
| 001 | 394813286 | ||
| 003 | DE-603 | ||
| 005 | 20210803210309.0 | ||
| 007 | tu | ||
| 008 | 161112s2011 xx |||| | u00||u|eng c | ||
| 035 | |a (DE-599)HEB394813286 | ||
| 040 | |a DE-603 |b ger |c DE-603 |d DE-603 | ||
| 041 | |a eng | ||
| 082 | 0 | 4 | |8 1\u |a 900.9438 |q DE-101 |2 23/BSB |
| 084 | |a JUDAICA |q DE-30 |2 fid | ||
| 084 | |a 7,7 |a 8 |2 ssgn | ||
| 085 | |8 1\u |b 900 | ||
| 085 | |8 1\u |z 2 |s 438 | ||
| 085 | |8 1\u |z 2 |s 4382 | ||
| 085 | |8 1\u |z 2 |s 43849 | ||
| 100 | 1 | |a Lieberman, Benjamin David |d 1962- |0 (DE-603)197437141 |0 (DE-588)134086236 |2 gnd | |
| 245 | 0 | 0 | |a Epstein, Catherine. Model Nazi. - Oxford : Oxford Univ. Press. - 2010 [Rezension] |
| 264 | 0 | |c 2011 | |
| 773 | 0 | 8 | |i In |t Journal of genocide research |d Abingdon, Oxfordshire : Routledge, 1999- |x 1462-3528 |g Band 13, Heft 3 (2011), Seite 375-376 |w (DE-603)071389202 |w (DE-600)1452128-3 |
| 787 | 0 | 8 | |i Rezension von |a Epstein, Catherine, 1962- |t Model Nazi |d Oxford : Oxford Univ. Press, 2010 |h XIV, 451 Seiten, [4] Blätter, Illustrationen |z 9780199546411 |z 019954641X |w (DE-603)222903112 |
| 856 | 4 | 2 | |u http://www.tandfonline.com/doi/pdf/10.1080/14623528.2011.595588 |3 zusätzliche Angaben |
| 924 | 0 | |9 2080 |a (DE-603)79111189X |b DE-2080 |c HES |d d |g / | |


